Perspektivy zdrojů v rozvoji podniků /
Gespeichert in:
| 1. Verfasser: | |
|---|---|
| Format: | Buch |
| Sprache: | Tschechisch |
| Veröffentlicht: |
Praha :
Svoboda,
1979
|
| Tags: |
Keine Tags, Fügen Sie das erste Tag hinzu!
|
MARC
| LEADER | 00000nam a22000003a 4500 | ||
|---|---|---|---|
| 001 | stu36701 | ||
| 005 | 20150617225728.5 | ||
| 008 | 920617s1979----cs------------------cze-d | ||
| 040 | |a STU |b slo | ||
| 041 | 0 | |a cze | |
| 044 | |a cs | ||
| 100 | 1 | |a Halaxa, Vlastimil |4 aut | |
| 245 | 1 | |a Perspektivy zdrojů v rozvoji podniků / |c [aut.]Vlastimil Halaxa | |
| 260 | |a Praha : |b Svoboda, |c 1979 | ||
| 300 | |a 325 s | ||
| 996 | |b 284M012289 |c M*6255-1 |l MMKN |s A |a 24 |w stu36701_0001 | ||